Human development in adulthood (Record no. 73258)
[ view plain ]
| 000 -LEADER | |
|---|---|
| fixed length control field | 01345nam a2200349 a 4500 |
| 082 04 - DEWEY DECIMAL CLASSIFICATION NUMBER | |
| Classification number | 305.24 |
| 100 1# - MAIN ENTRY--AUTHOR NAME | |
| Personal name | Aiken, Lewis R., |
| 245 10 - TITLE STATEMENT | |
| Title | Human development in adulthood |
| 260 ## - PUBLICATION, DISTRIBUTION, ETC. (IMPRINT) | |
| Place of publication | New York : |
| Name of publisher | Plenum Press, |
| Year of publication | c1998. |
| 300 ## - PHYSICAL DESCRIPTION | |
| Number of Pages | ix, 430 p. : |
| Other physical details | ill. |
| 490 1# - SERIES STATEMENT | |
| Series statement | The Plenum series in adult development and aging |
| 650 #0 - SUBJECT ADDED ENTRY--TOPICAL TERM | |
| Topical Term | Adulthood. |
| Topical Term | Life cycle, Human. |
| Topical Term | Adulthood |
| Topical Term | Aging |
| 856 40 - ELECTRONIC LOCATION AND ACCESS | |
| Uniform Resource Identifier | http://site.ebrary.com/lib/rucke/Doc?id=10046935 |
No items available.
